| 000 | 00000nam##2200000za#4500 |
| 001 | 9.606013 |
| 003 | CaOODSP |
| 005 | 20210624212417 |
| 007 | cr ||||||||||| |
| 008 | 150406|1994||||xxc|||||o f|0| 0 fre|d |
| 040 | |aCaOODSP|bfre |
| 043 | |an-cn--- |
| 086 | 1 |aFs97-13/933F-PDF |
| 110 | 1 |aCanada. |bMinistère des pêches et des océans. |
| 245 | 10|aDébarquements historiques et inventaires de l'éperlan Arc-En-Ciel realisés dans la Baie-Des-Chaleurs entre 1917 et 1993 / |h[ressource électronique]|cpar Pierre D'Amours ... [et al.] |
| 260 | |aMoncton - Nouveau-Brunswick : |bPêches et Océans Canada |c1994. |
| 300 | |a68p. |
| 490 | 1 |aRapport statistique canadien des sciences halieutiques et aquatiques|vN° 933 |
| 500 | |aSur la p. de t.: Direction des sciences, Region du golfe, Moncton (NB). Le n° de catalogue et l'ISSN de l'édition imprimée apparaissent dans cette version électronique. |
| 546 | |a(Abstract in English.) |
| 590 | |a13-20-Supp|b2013-08-30 |
| 720 | 1 |aD'Amours, Pierre |
| 830 | #0|aRapport statistique canadien des sciences halieutiques et aquatiques ;|vN° 933|w(CaOODSP)9.501626 |
| 856 | 40|ahttp://publications.gc.ca|qPDF|s927 Ko|uhttps://publications.gc.ca/collections/collection_2013/mpo-dfo/Fs97-13-933-fra.pdf|yN° 933 |